| 000 | 00000nam##2200000za#4500 |
| 001 | 9.639909 |
| 003 | CaOODSP |
| 005 | 20210624222415 |
| 007 | cr ||||||||||| |
| 008 | 150407|2002||||xxc|||||o f|0| 0 fre|d |
| 040 | |aCaOODSP|bfre |
| 043 | |an-cn--- |
| 086 | 1 |aE94-320/2002F-PDF |
| 110 | 1 |aCanada.|bAgence canadienne de développement international. |
| 245 | 10|aPlan d'action de l'ACDI en matière d'éducation de base |h[ressource électronique] |
| 260 | |aHull - Québec : |bAgence canadienne de développement international |cAvril 2002. |
| 300 | |a60p.|bréférences, photographies |
| 500 | |aLe n° de catalogue (E94-320/2002F) et l'ISBN (0-662-86689-4) de l'édition imprimée ont été incorrectement copiés dans l'édition électronique. |
| 520 | 3 |aCet ouvrage expose un cadre d’action pour donner suite aux engagements en matière d’éducation pour tous qu’ont pris les délégués de 150 pays réunis à Dakar, au Sénégal, en avril 2000. Il fait le lien entre l’éducation de base et les autres priorités de l’ACDI en matière de développement social, notamment le VIH/sida, la protection des enfants, la santé et la nutrition, et l’égalité entre les sexes et les droits de la personne. Il analyse des outils de mesure du progrès à l’échelle régionale, nationale (pays en développement) et internationale. |
| 590 | |a12-16-Supp|b2012-04-17 |
| 691 | 07|aAide à l'étranger|2gcpds |
| 691 | 07|aÉducation|2gcpds |
| 691 | 07|aStratégie|2gcpds |
| 775 | 08|tCIDA's action plan on basic education |w(CaOODSP)9.695819 |
| 776 | 0#|tPlan d'action de l'ACDI en matière d'éducation de base |w(CaOODSP)9.681754 |
| 856 | 40|ahttp://publications.gc.ca|qPDF|s1.90 Mo|uhttps://publications.gc.ca/collections/Collection/E94-320-2002F.pdf |